Quizzes
Events
Quiz Creation
Community
Videos
Private Events
Remove Ads
Sign In
Join for FREE
Feedback
Dark Mode
Quiz Categories
Sports
Geography
Music
Movies
Television
Just For Fun
Miscellaneous
History
Literature
Language
Science
Gaming
Entertainment
Religion
Holiday
For Kids
Quiz Lab
Recent
Popular Today
Quiz Kudos Today
Editor Picks
Curator Picks
Quizzes by...
Day
Popularity
Type
Ratings
Length
Year
Community
Subscriptions
Recent Discussions
Orange Saloon
Badges
Playlists
Quests
Create
Leaderboards
Showdown
Live 5
Trivia Bingo
Activity
Puzzle Library
Sporcle Events
Private Events
Virtual Trivia
Globe League
Become a Host
Pub Owners
SporcleCon
Opinionation
Our Games
Videos
Blog
Mobile Apps
Partnerships
Remove Ads and Go Orange
Feedback
Miscellaneous
Crossword
General Knowledge
Baby Names
Logo
Food
Cars
Numbers
Grab Bag
University
College
Popular
Company
Slogans
Restaurants
Justice
Letter
Miscellaneous
Crossword
General Knowledge
Baby Names
Logo
Food
Cars
Numbers
Grab Bag
University
College
Popular
Company
Slogans
Restaurants
Justice
Letter
Random Quiz
Search Sporcle
×
Quiz Lab
Quiz Lab
Miscellaneous
Country
Type in answers that appear in a list
Type in answers that appear in a list
Classic
Best Score? Go Orange.
Currencies of Europe Stats
Can you name the currencies of Europe?
By
adam434
10m
50 Questions
308 Plays
308 Plays
308 Plays
Comments
Comments
Give Quiz Kudos
Give Quiz Kudos
-
- Ratings
hide this ad
Replay
Link that replays current quiz
Next Quiz
Link to next quiz in quiz playlist
You Got
0%
They Got
Avg Score
69%
Avg Friend Score
Upgrade to see
Score Distribution
Jump to the score distribution portion of the page
Score
0/50
Timer
10:00
0
Plays Today
Country
Currency
% Correct
Andorra
Euro
98.4%
Austria
Euro
98.4%
Belgium
Euro
98.4%
Cyprus
Euro
98.4%
Czech Republic
Euro
98.4%
Finland
Euro
98.4%
France
Euro
98.4%
Germany
Euro
98.4%
Greece
Euro
98.4%
Ireland
Euro
98.4%
Italy
Euro
98.4%
Luxembourg
Euro
98.4%
Malta
Euro
98.4%
Monaco
Euro
98.4%
Montenegro
Euro
98.4%
Netherlands
Euro
98.4%
Portugal
Euro
98.4%
San Marino
Euro
98.4%
Slovakia
Euro
98.4%
Slovenia
Euro
98.4%
Spain
Euro
98.4%
Vatican City
Euro
98.4%
United Kingdom
Pound
88%
Liechtenstein
Franc
71.4%
Switzerland
Franc
71.4%
Country
Currency
% Correct
Belarus
Ruble
67.2%
Russia
Ruble
67.2%
Denmark
Krone
65.6%
Norway
Krone
65.6%
Turkey
Lira
57.8%
Iceland
Króna
56.5%
Sweden
Krona
56.5%
Bosnia and Herzegovina
Convertible Mark
53.6%
Poland
Złoty
47.1%
Albania
Lek
43.5%
Bulgaria
Lev
43.5%
Hungary
Forint
42.2%
Moldova
Leu
41.9%
Romania
Leu
41.9%
Serbia
Dinar
41.6%
Latvia
Lats
37%
Croatia
Kuna
33.8%
Macedonia
Denar
31.2%
Lithuania
Litas
28.9%
Estonia
Kroon
26.9%
Ukraine
Hryvnia
25.3%
Armenia
Dram
24.7%
Azerbaijan
Manat
21.4%
Georgia
Lari
17.9%
Kazakhstan
Tenge
17.5%
Quiz Playlist
Details
Report
Send in Message
Add To Playlist
Classic:
Type in answers that appear in a list
Quiz Source
Last Updated: Feb 16, 2017
Quiz Scoreboard
CHALLENGE
Sign Up to Join the Scoreboard
Show All
Scores
Hide
Comments
May contain spoilers
Recently Published
Decade Duel: World Leaders
by jenniferyan
History
4m
Alphabetical 'K' Countries by Flag Minefield
by ylime102
Geography
3m
Pick 6: Fruits
by JohnFran
Miscellaneous
15s
More to Explore
Quiz From the Vault
Featured Blog Post
15 Basketball Trivia Facts You Can Be March Mad About
hide this ad
You Might Also Like...
Tags
Country Quiz
Europe Quiz
Currency
Today's Top Quizzes in Miscellaneous
Browse Miscellaneous
hide this ad
Today's Top Quizzes in Country
Browse Country
Top Contributed Quizzes in Miscellaneous
1
The JOE quick-fire general knowledge quiz: Day 166
2
Spring Months consonants
3
Pick 6: Supreme Pizza
4
The JOE quick-fire general knowledge quiz: Day 165
5
Pick 6: Vegetables
6
Four Seasons
7
Pick 6: University Mascots
8
Guess the 'S' Things in 3 Words
9
Sporcle Acrostic Puzzle XXXV
10
The JOE quick-fire general knowledge quiz: Day 164
Explore More
Trending Topics
Crossword
NBA
Kpop
Anime
Harry Potter
Disney
Marvel
Pokémon
WWE
Country
NFL
Puzzle
Soccer
Song
The Office
hide this ad
More By:
adam434
Quiz
Plays
Rating
Category
Featured
Created
Currencies of Europe
308
3.33
Miscellaneous
Nov 19, 2009
Go to Creator's Profile
Score Distribution
Quiz Creator Spotlight
adam434
Follow
Send a Message
Quizzes Created
-
Created Quiz Play Count
-
More By This Creator
Popular Quizzes Today
1
Countries of Asia Without Outlines Minefield
2
Find the US States - No Outlines Minefield
3
Pick 6: Fruits
4
The Countries of the World
5
Alphabetical 'K' Countries by Flag Minefield
6
Find the Countries of Europe - No Outlines Minefield
7
US States
8
Find the US States
More Miscellaneous Quizzes
'M' Sorting Gallery
Published
Trending Quizzes
Pick 6: Mountains
Pick 6: Harry Potter
Pick 6: Flags
Pick 6: NFL Teams
Pick 6: Movie Franchises
Recently Updated
Adaptations: Name the Title
pecheneg
NWSL Teams
pecheneg
Women's Final Four Teams by Year
bhenderson79
Presidents Quartet II
eogle
Anything But Clue(do)
eogle
Anything But Oceanian Capitals
eogle
Anything But 7
eogle
Anything But Thing
eogle
Word Ladder: February 29
pecheneg
Song Title Questions
pecheneg
Trending Topics
Harry Potter
Crossword
NBA
Disney
Anime
Marvel
Kpop
Country
The Office
Song
Soccer
Pokémon
WWE
NFL
Puzzle
Your Account Isn't Verified!
In order to create a playlist on Sporcle, you need to verify the email address you used during registration. Go to your
Sporcle Settings
to finish the process.
Report this User
Report this user for behavior that violates our
Community Guidelines
.
Details:
Send Report
Go to the Sporcle.com Mobile Site →
Comments